000 00309nam a22001337a 4500
008 170614b xxu||||| |||| 00| 0 eng d
020 _a9780073515052
041 _aeng
080 _215 ED
_a323
100 _a19
101 _aSHP
245 _aTAKING SIDES POLITICAL ISSUES
_cMCKENNA.G
942 _2udc
_cBK
999 _c17256
_d17256